[Event "Bogota"]
[Site "Bogota"]
[Date "1978.??.??"]
[Round "?"]
[White "Hernandez Onna, Roman"]
[Black "Garcia, Luis E"]
[Result "1/2-1/2"]
[WhiteElo "2465"]
[BlackElo "2325"]
[PlyCount "120"]
[EventDate "1978.03.11"]
[EventType "tourn"]
[EventRounds "15"]
[EventCountry "COL"]
[EventCategory "7"]
[SourceTitle "EXT 1998"]
[Source "ChessBase"]
[SourceDate "1997.11.17"]

1. c4 e5 2. Nc3 Nc6 3. Nf3 g6 4. d4 exd4 5. Nxd4 Bg7 6. Nxc6 bxc6 7. g3 d6 8.
Bg2 Bd7 9. Qd2 Ne7 10. b3 O-O 11. Bb2 Rb8 12. O-O c5 13. Rad1 Bc6 14. Ne4 f6
15. Bxf6 Bxf6 16. Nxf6+ Rxf6 17. Bxc6 Nxc6 18. Qd5+ Rf7 19. Qxc6 Qe8 20. Qxe8+
Rxe8 21. Rfe1 Rfe7 22. Kf1 a5 23. a4 Kg7 24. Rd3 g5 25. f3 h5 26. Kf2 g4 27. f4
Kg6 28. e3 Kf5 29. Rd5+ Kg6 30. h3 gxh3 31. Rd3 Rd7 32. Rh1 c6 33. Rxh3 d5 34.
cxd5 cxd5 35. Rh1 d4 36. exd4 cxd4 37. Rhd1 Red8 38. Rc1 Rd5 39. Kf3 Kf5 40.
Rc4 R8d6 41. b4 axb4 42. Rxb4 Rd8 43. Rb5 Rxb5 44. axb5 Rd5 45. b6 Rb5 46. Rxd4
Rb3+ 47. Kf2 Rxb6 48. Rd5+ Kg6 49. Kg2 Rb1 50. Rd6+ Kg7 51. Re6 Ra1 52. Kf2 Rb1
53. Re1 Rb2+ 54. Kf3 Kg6 55. Re6+ Kg7 56. f5 Rb4 57. Re4 Rb6 58. Kf4 Kf6 59.
Re6+ Rxe6 60. fxe6 h4 1/2-1/2

[Event "Bogota"]
[Site "Bogota"]
[Date "1978.??.??"]
[Round "?"]
[White "Hernandez Onna, Roman"]
[Black "Minaya Molano, Juan M"]
[Result "1-0"]
[WhiteElo "2465"]
[BlackElo "2355"]
[PlyCount "61"]
[EventDate "1978.03.11"]
[EventType "tourn"]
[EventRounds "15"]
[EventCountry "COL"]
[EventCategory "7"]
[SourceTitle "EXT 1998"]
[Source "ChessBase"]
[SourceDate "1997.11.17"]

1. c4 g6 2. d4 Bg7 3. Nc3 d6 4. Nf3 Nd7 5. g3 Ngf6 6. Bg2 O-O 7. O-O a6 8. h3
c5 9. e4 cxd4 10. Nxd4 Nc5 11. Be3 Bd7 12. Rc1 Rc8 13. Qd2 Re8 14. b4 Ne6 15.
Nd5 b5 16. Nxe6 Bxe6 17. cxb5 axb5 18. Rxc8 Bxc8 19. Rc1 Bd7 20. Nb6 Be6 21.
Qe2 Qb8 22. Qxb5 Nd7 23. a4 Nxb6 24. Qxb6 Qa8 25. Qa7 Kf8 26. Qxa8 Rxa8 27. a5
Ke8 28. Bf1 Bd7 29. a6 e6 30. b5 Bc8 31. b6 1-0

[Event "Bogota"]
[Site "Bogota"]
[Date "1978.??.??"]
[Round "?"]
[White "Szmetan, Jorge"]
[Black "Hernandez Onna, Roman"]
[Result "0-1"]
[WhiteElo "2420"]
[BlackElo "2465"]
[PlyCount "102"]
[EventDate "1978.03.11"]
[EventType "tourn"]
[EventRounds "15"]
[EventCountry "COL"]
[EventCategory "7"]
[SourceTitle "EXT 1998"]
[Source "ChessBase"]
[SourceDate "1997.11.17"]

1. Nf3 c5 2. c4 Nc6 3. Nc3 e6 4. g3 Nf6 5. Bg2 d5 6. cxd5 exd5 7. d4 Be7 8. O-O
O-O 9. b3 Ne4 10. Bb2 Bf6 11. Na4 Re8 12. Rc1 cxd4 13. Nxd4 Bxd4 14. Bxd4 Bf5
15. e3 Qe7 16. Nc3 Rad8 17. Ne2 Ng5 18. Bc5 Qd7 19. Nd4 Bh3 20. Qh5 Bxg2 21.
Kxg2 Ne4 22. Qf5 Nxc5 23. Rxc5 Qxf5 24. Nxf5 g6 25. Nd4 Nxd4 26. exd4 Re2 27.
Ra5 a6 28. Rd1 Rd6 29. Rd3 Kg7 30. a4 Rb2 31. Rf3 Rd2 32. Rc5 Rd7 33. Rf4 Rd3
34. b4 Ra3 35. Ra5 Rd6 36. Rf3 Ra2 37. Rc5 Rd7 38. Ra5 Rd2 39. Rf4 Rb2 40. b5
axb5 41. Rxb5 Rxb5 42. axb5 Rc7 43. g4 Rc4 44. g5 f5 45. gxf6+ Kf7 46. Kg3 Rb4
47. Kg4 Rxb5 48. Kg5 Rb3 49. Rg4 Rf3 50. Rg2 Rf5+ 51. Kg4 h5+ 0-1

[Event "Bogota"]
[Site "Bogota"]
[Date "1978.??.??"]
[Round "?"]
[White "Velandia, Norberto"]
[Black "Hernandez Onna, Roman"]
[Result "0-1"]
[WhiteElo "2220"]
[BlackElo "2465"]
[PlyCount "66"]
[EventDate "1978.03.11"]
[EventType "tourn"]
[EventRounds "15"]
[EventCountry "COL"]
[EventCategory "7"]
[SourceTitle "EXT 1998"]
[Source "ChessBase"]
[SourceDate "1997.11.17"]

1. d4 Nf6 2. Nc3 g6 3. e4 d6 4. Bg5 c6 5. Qd2 b5 6. Bd3 Nbd7 7. f3 a6 8. a4 Bb7
9. Nge2 Bg7 10. Bh6 O-O 11. h4 e5 12. h5 Qe7 13. dxe5 Bxh6 14. Qxh6 dxe5 15. g4
Nc5 16. O-O-O Rfd8 17. Ng3 Rxd3 18. Rxd3 Nxd3+ 19. cxd3 Rd8 20. hxg6 fxg6 21.
Qe3 Nd7 22. Rd1 Nc5 23. Kb1 Ne6 24. axb5 axb5 25. Nge2 b4 26. Na4 c5 27. b3 Bc6
28. Nb2 Ra8 29. f4 exf4 30. Nxf4 Nd4 31. Ne2 Ra1+ 32. Kxa1 Nc2+ 33. Kb1 Nxe3
0-1

[Event "Buenos Aires ol (Men)"]
[Site "Buenos Aires"]
[Date "1978.10.30"]
[Round "5"]
[White "Sosonko, Gennadi"]
[Black "Hernandez Onna, Roman"]
[Result "1/2-1/2"]
[WhiteElo "2505"]
[BlackElo "2465"]
[PlyCount "81"]
[EventDate "1978.10.25"]
[EventType "team-swiss"]
[EventRounds "14"]
[EventCountry "ARG"]
[SourceTitle "EXT 2000"]
[Source "ChessBase"]
[SourceDate "1999.11.16"]
[WhiteTeam "Netherlands"]
[BlackTeam "Cuba"]
[WhiteTeamCountry "NED"]
[BlackTeamCountry "CUB"]

1. d4 Nf6 2. c4 c5 3. d5 g6 4. Nc3 Bg7 5. e4 d6 6. Nf3 O-O 7. Be2 e6 8. O-O
exd5 9. exd5 Bf5 10. Bf4 Ne4 11. Nxe4 Bxe4 12. Ng5 Bf5 13. Qd2 h6 14. Nf3 g5
15. Bg3 Qf6 16. h4 Qxb2 17. Qxb2 Bxb2 18. Rad1 Nd7 19. Bxd6 Rfe8 20. Bd3 Bxd3
21. Rxd3 Bf6 22. hxg5 hxg5 23. Nxg5 Bxg5 24. Rg3 Re4 25. Rxg5+ Kh7 26. Rb1 f6
27. Rg3 b6 28. Rbb3 Ne5 29. Bxe5 Rxe5 30. Rg4 Rg5 31. Rxg5 fxg5 32. Rd3 Kg6 33.
Kh2 Kf7 34. Kg3 Rh8 35. Rf3+ Ke7 36. Kg4 Rh4+ 37. Kxg5 Rxc4 38. g4 Rd4 39. Kh5
c4 40. g5 Rxd5 41. Re3+ 1/2-1/2

[Event "Buenos Aires ol (Men)"]
[Site "Buenos Aires"]
[Date "1978.10.31"]
[Round "6"]
[White "Ermenkov, Evgenij"]
[Black "Hernandez Onna, Roman"]
[Result "1/2-1/2"]
[WhiteElo "2520"]
[BlackElo "2465"]
[PlyCount "69"]
[EventDate "1978.10.25"]
[EventType "team-swiss"]
[EventRounds "14"]
[EventCountry "ARG"]
[SourceTitle "EXT 2000"]
[Source "ChessBase"]
[SourceDate "1999.11.16"]
[WhiteTeam "Bulgaria"]
[BlackTeam "Cuba"]
[WhiteTeamCountry "BUL"]
[BlackTeamCountry "CUB"]

1. e4 e5 2. Nf3 Nc6 3. Bb5 a6 4. Ba4 Nf6 5. O-O Be7 6. Bxc6 dxc6 7. Re1 Nd7 8.
d4 Bf6 9. Be3 O-O 10. Nc3 Qe7 11. Qd3 Rd8 12. d5 c5 13. a4 Qd6 14. Nd2 Be7 15.
Nc4 Qg6 16. f4 Bd6 17. f5 Qh5 18. Rf1 f6 19. Rf3 b6 20. Kh1 Nf8 21. Rg1 Qe8 22.
g4 h6 23. b3 Bd7 24. Qd2 Nh7 25. h4 b5 26. Nxd6 cxd6 27. Rh3 g5 28. fxg6 Qxg6
29. h5 Qf7 30. Bxh6 Kh8 31. Nd1 Rg8 32. Nf2 bxa4 33. bxa4 Bxa4 34. Rf3 Bd7 35.
Rg2 1/2-1/2

[Event "Buenos Aires ol (Men)"]
[Site "Buenos Aires"]
[Date "1978.11.01"]
[Round "7"]
[White "Hernandez Onna, Roman"]
[Black "Rodriguez, Ruben"]
[Result "1/2-1/2"]
[WhiteElo "2465"]
[BlackElo "2415"]
[PlyCount "125"]
[EventDate "1978.10.25"]
[EventType "team-swiss"]
[EventRounds "14"]
[EventCountry "ARG"]
[SourceTitle "EXT 2000"]
[Source "ChessBase"]
[SourceDate "1999.11.16"]
[WhiteTeam "Cuba"]
[BlackTeam "Philippines"]
[WhiteTeamCountry "CUB"]
[BlackTeamCountry "PHI"]

1. d4 Nf6 2. c4 g6 3. Nc3 d5 4. Bg5 Ne4 5. Bh4 Nxc3 6. bxc3 dxc4 7. e3 Be6 8.
Rb1 Bg7 9. Rxb7 O-O 10. Nf3 Nd7 11. Rb1 c5 12. Be2 cxd4 13. Nxd4 Bd5 14. O-O
Nb6 15. Bf3 Bxd4 16. exd4 Qd7 17. Re1 Rfe8 18. Bg4 f5 19. Be2 Rac8 20. Bg3 Qc6
21. Bf1 Be4 22. Rc1 Rcd8 23. Qd2 Nd7 24. f3 Bd5 25. Bh4 Nf6 26. Re5 Rd7 27.
Bxf6 Qxf6 28. Rxd5 Rxd5 29. Bxc4 e6 30. Bxd5 exd5 31. Re1 Rxe1+ 32. Qxe1 Qc6
33. Qe5 Qxc3 34. Qxd5+ Kg7 35. Qe5+ Kf7 36. Qd5+ Kg7 37. Qe5+ Kf7 38. h3 Qa1+
39. Kh2 Qxa2 40. d5 Qc4 41. Qe6+ Kg7 42. Qe7+ Kg8 43. d6 Qf4+ 44. Kg1 g5 45.
Qe6+ Kf8 46. Qc8+ Kf7 47. Qb7+ Kf6 48. Qe7+ Kg6 49. Qe6+ Kg7 50. Qd5 Qc1+ 51.
Kf2 Qb2+ 52. Kg3 Kf6 53. Kh2 Qb8 54. h4 h6 55. Qc6 Ke6 56. Kh3 Qxd6 57. Qe8+
Qe7 58. Qc6+ Kf7 59. Qxh6 gxh4 60. Qh7+ Ke6 61. Qg8+ Kf6 62. Qh8+ Kg6 63. Qg8+
1/2-1/2

[Event "Banja Luka"]
[Site "Banja Luka"]
[Date "1979.04.11"]
[Round "1"]
[White "Smejkal, Jan"]
[Black "Hernandez Onna, Roman"]
[Result "1-0"]
[WhiteElo "2550"]
[BlackElo "2500"]
[PlyCount "63"]
[EventDate "1979.04.11"]
[EventType "tourn"]
[EventRounds "15"]
[EventCountry "YUG"]
[EventCategory "10"]
[SourceTitle "EXT 1999"]
[Source "ChessBase"]
[SourceDate "1998.11.16"]

1. Nf3 Nf6 2. c4 c5 3. Nc3 Nc6 4. g3 g6 5. Bg2 Bg7 6. d4 cxd4 7. Nxd4 Nxd4 8.
Qxd4 d6 9. O-O O-O 10. Qd3 Qa5 11. Bd2 Qh5 12. b3 Bh3 13. Rac1 Rfd8 14. e4 Bxg2
15. Kxg2 e6 16. h3 d5 17. cxd5 exd5 18. g4 Qe5 19. f4 Qe6 20. f5 Qe8 21. exd5
Qd7 22. Be3 Nxd5 23. Nxd5 Qxd5+ 24. Qxd5 Rxd5 25. Rc7 gxf5 26. Rxb7 fxg4 27.
hxg4 Ra5 28. a4 Re8 29. Rfxf7 Bf8 30. Bxa7 Re2+ 31. Kf3 Rb2 32. Rf5 1-0

[Event "Banja Luka"]
[Site "Banja Luka"]
[Date "1979.04.12"]
[Round "2"]
[White "Hernandez Onna, Roman"]
[Black "Marjanovic, Slavoljub"]
[Result "1/2-1/2"]
[WhiteElo "2500"]
[BlackElo "2505"]
[PlyCount "43"]
[EventDate "1979.04.11"]
[EventType "tourn"]
[EventRounds "15"]
[EventCountry "YUG"]
[EventCategory "10"]
[SourceTitle "EXT 1999"]
[Source "ChessBase"]
[SourceDate "1998.11.16"]

1. c4 g6 2. Nc3 Bg7 3. d4 d6 4. Nf3 Nf6 5. e4 O-O 6. Be2 e5 7. O-O Nc6 8. d5
Ne7 9. Nd2 c5 10. dxc6 bxc6 11. b4 Ne8 12. Nb3 f5 13. b5 Bb7 14. Bg5 Bf6 15.
Bxf6 Nxf6 16. c5 d5 17. exd5 Nexd5 18. Bc4 cxb5 19. Nxb5 Kg7 20. Nd6 Bc6 21.
Qd2 a5 22. a4 1/2-1/2

[Event "Banja Luka"]
[Site "Banja Luka"]
[Date "1979.04.13"]
[Round "3"]
[White "Knezevic, Milorad"]
[Black "Hernandez Onna, Roman"]
[Result "1/2-1/2"]
[WhiteElo "2500"]
[BlackElo "2500"]
[PlyCount "27"]
[EventDate "1979.04.11"]
[EventType "tourn"]
[EventRounds "15"]
[EventCountry "YUG"]
[EventCategory "10"]
[SourceTitle "EXT 1999"]
[Source "ChessBase"]
[SourceDate "1998.11.16"]

1. d4 Nf6 2. c4 e6 3. Nc3 Bb4 4. Qc2 c5 5. dxc5 Na6 6. a3 Bxc3+ 7. Qxc3 Nxc5 8.
f3 O-O 9. b4 Na6 10. e4 d5 11. e5 Nd7 12. Bb2 dxc4 13. Bxc4 Nb6 14. Bb3 1/2-1/2

[Event "Banja Luka"]
[Site "Banja Luka"]
[Date "1979.04.15"]
[Round "5"]
[White "Vukic, Milan"]
[Black "Hernandez Onna, Roman"]
[Result "1/2-1/2"]
[WhiteElo "2485"]
[BlackElo "2500"]
[PlyCount "199"]
[EventDate "1979.04.11"]
[EventType "tourn"]
[EventRounds "15"]
[EventCountry "YUG"]
[EventCategory "10"]
[SourceTitle "EXT 1999"]
[Source "ChessBase"]
[SourceDate "1998.11.16"]

1. d4 Nf6 2. c4 e6 3. Nf3 d5 4. g3 Be7 5. Bg2 O-O 6. O-O c5 7. cxd5 exd5 8. Nc3
Nc6 9. Bg5 cxd4 10. Nxd4 h6 11. Be3 Re8 12. Qa4 Bd7 13. Rad1 Nb4 14. Qb3 a5 15.
a4 Rc8 16. Ndb5 Be6 17. Nd4 Bg4 18. h3 Bd7 19. Nc2 Bf5 20. Nxb4 Bxb4 21. g4
Bxc3 22. bxc3 Be4 23. Bb6 Qe7 24. f3 Bg6 25. Rf2 Qe6 26. Bxa5 Qe3 27. Qb2 Qa7
28. Qb6 Ra8 29. Qxa7 Rxa7 30. Bb6 Rxa4 31. Rd2 Nd7 32. Bd4 Nb8 33. Rf1 Nc6 34.
Bf2 Rc4 35. Rc1 Rd8 36. Rdd1 b5 37. Bf1 b4 38. cxb4 Rxc1 39. Rxc1 Nxb4 40. Bb6
Rb8 41. Ba7 Rb7 42. Rc8+ Kh7 43. Bc5 h5 44. Rd8 hxg4 45. hxg4 f6 46. Bxb4 Rxb4
47. Rxd5 Bf7 48. Rd6 Kg8 49. Kf2 Kf8 50. Ra6 Ke7 51. Ra7+ Kf8 52. Rc7 g5 53. e3
Ra4 54. Rc3 Ra2+ 55. Kg3 Ra1 56. Bd3 Rg1+ 57. Kf2 Ra1 58. Rc8+ Kg7 59. Rc7 Kf8
60. Bc2 Be6 61. Ke2 Ra8 62. Kd2 Rd8+ 63. Bd3 Rb8 64. Bf5 Bxf5 65. gxf5 Rb5 66.
e4 Rb3 67. Rc3 Rb1 68. Ke3 Rd1 69. Rd3 Re1+ 70. Kf2 Ra1 71. Rb3 Ke7 72. Rb7+
Kf8 73. Ke3 Ra3+ 74. Kf2 Ra1 75. Rc7 Rb1 76. Kg3 Rg1+ 77. Kh3 Kg8 78. Kh2 Re1
79. Kg2 Kf8 80. Rh7 Kg8 81. Rh1 Re2+ 82. Kg3 Kg7 83. Ra1 Kf7 84. Kh3 Kg7 85.
Ra7+ Kf8 86. Kg4 Rh2 87. Rb7 Rh4+ 88. Kg3 Rh1 89. Rb2 Kf7 90. Kf2 Ra1 91. Rb3
Ke7 92. Rc3 Rb1 93. Ra3 Rc1 94. Ke3 Rd1 95. Ke2 Rd4 96. Ra1 Rb4 97. Kf2 Rb2+
98. Kg3 Re2 99. Kg4 Rb2 100. Ra7+ 1/2-1/2

[Event "Banja Luka"]
[Site "Banja Luka"]
[Date "1979.04.16"]
[Round "6"]
[White "Hernandez Onna, Roman"]
[Black "Andersson, Ulf"]
[Result "1/2-1/2"]
[WhiteElo "2500"]
[BlackElo "2560"]
[PlyCount "25"]
[EventDate "1979.04.11"]
[EventType "tourn"]
[EventRounds "15"]
[EventCountry "YUG"]
[EventCategory "10"]
[SourceTitle "EXT 1999"]
[Source "ChessBase"]
[SourceDate "1998.11.16"]

1. c4 c5 2. Nf3 Nf6 3. Nc3 e6 4. e3 d5 5. d4 Nc6 6. a3 cxd4 7. exd4 Ne4 8. Qc2
Nxc3 9. Qxc3 dxc4 10. Bxc4 Be7 11. O-O O-O 12. Be3 Bf6 13. Rac1 1/2-1/2

[Event "Banja Luka"]
[Site "Banja Luka"]
[Date "1979.04.17"]
[Round "7"]
[White "Matanovic, Aleksandar"]
[Black "Hernandez Onna, Roman"]
[Result "1/2-1/2"]
[WhiteElo "2495"]
[BlackElo "2500"]
[PlyCount "58"]
[EventDate "1979.04.11"]
[EventType "tourn"]
[EventRounds "15"]
[EventCountry "YUG"]
[EventCategory "10"]
[SourceTitle "EXT 1999"]
[Source "ChessBase"]
[SourceDate "1998.11.16"]

1. e4 c5 2. Nf3 Nc6 3. d4 cxd4 4. Nxd4 e6 5. Nc3 d6 6. Be2 Nf6 7. O-O a6 8. Be3
Qc7 9. a4 Be7 10. f4 O-O 11. Kh1 Bd7 12. Qe1 Nxd4 13. Bxd4 Bc6 14. Qg3 Rae8 15.
a5 Bd8 16. b4 e5 17. fxe5 dxe5 18. Bb6 Qd7 19. Bc5 Be7 20. Rxf6 Bxf6 21. Rd1
Qc8 22. Bg4 Qb8 23. Nd5 Bxd5 24. exd5 e4 25. Qxb8 Rxb8 26. d6 g6 27. d7 Rfd8
28. g3 Bg7 29. Bd6 Ra8 1/2-1/2

[Event "Banja Luka"]
[Site "Banja Luka"]
[Date "1979.04.18"]
[Round "8"]
[White "Hernandez Onna, Roman"]
[Black "Garcia Gonzales, Guillermo"]
[Result "1/2-1/2"]
[WhiteElo "2500"]
[BlackElo "2490"]
[PlyCount "23"]
[EventDate "1979.04.11"]
[EventType "tourn"]
[EventRounds "15"]
[EventCountry "YUG"]
[EventCategory "10"]
[SourceTitle "EXT 1999"]
[Source "ChessBase"]
[SourceDate "1998.11.16"]

1. c4 Nf6 2. d4 e6 3. Nf3 b6 4. g3 Bb7 5. Bg2 Be7 6. O-O O-O 7. Nc3 Ne4 8. Qc2
Nxc3 9. Qxc3 c5 10. Rd1 d6 11. b3 Nd7 12. Bb2 1/2-1/2

[Event "Banja Luka"]
[Site "Banja Luka"]
[Date "1979.04.19"]
[Round "9"]
[White "Kurajica, Bojan"]
[Black "Hernandez Onna, Roman"]
[Result "1/2-1/2"]
[WhiteElo "2515"]
[BlackElo "2500"]
[PlyCount "36"]
[EventDate "1979.04.11"]
[EventType "tourn"]
[EventRounds "15"]
[EventCountry "YUG"]
[EventCategory "10"]
[SourceTitle "EXT 1999"]
[Source "ChessBase"]
[SourceDate "1998.11.16"]

1. e4 c5 2. Nf3 Nc6 3. d4 cxd4 4. Nxd4 g6 5. Nc3 Bg7 6. Nb3 d6 7. Be2 Bxc3+ 8.
bxc3 Nf6 9. f3 Be6 10. Bh6 d5 11. e5 Nxe5 12. O-O Nc6 13. Rb1 Nd7 14. Nd4 Nc5
15. Bb5 Qd6 16. Re1 Bd7 17. Nxc6 bxc6 18. Qd4 f6 1/2-1/2

[Event "Banja Luka"]
[Site "Banja Luka"]
[Date "1979.04.22"]
[Round "12"]
[White "Hernandez Onna, Roman"]
[Black "Sibarevic, Milenko"]
[Result "1/2-1/2"]
[WhiteElo "2500"]
[BlackElo "2355"]
[PlyCount "99"]
[EventDate "1979.04.11"]
[EventType "tourn"]
[EventRounds "15"]
[EventCountry "YUG"]
[EventCategory "10"]
[SourceTitle "EXT 1999"]
[Source "ChessBase"]
[SourceDate "1998.11.16"]

1. c4 c5 2. Nc3 Nc6 3. Nf3 g6 4. e3 Nf6 5. d4 cxd4 6. exd4 d5 7. cxd5 Nxd5 8.
Qb3 Nxc3 9. Bc4 Nd5 10. Bxd5 e6 11. Bxc6+ bxc6 12. O-O Qd5 13. Qa4 Qb5 14. Qc2
Bg7 15. Be3 O-O 16. Rfc1 Rd8 17. Qe4 Bb7 18. Rc5 Qxb2 19. Rb1 Qe2 20. Re1 Qxa2
21. Qh4 Rd5 22. Bh6 Bxh6 23. Qxh6 Rxc5 24. dxc5 Qb2 25. Ng5 Qg7 26. Qh4 a5 27.
Ne4 Ba6 28. Nf6+ Kh8 29. Qf4 Bb5 30. g4 g5 31. Qd4 a4 32. Re3 h6 33. h4 gxh4
34. Kh2 Rf8 35. f4 Bc4 36. Rh3 e5 37. Qxe5 Qg6 38. f5 Qg5 39. Ne4+ f6 40. Qd6
Qg7 41. Rxh4 a3 42. g5 a2 43. Rxh6+ Kg8 44. Qd4 Bd5 45. Rg6 Bxe4 46. gxf6 Qxg6
47. fxg6 Bxg6 48. Qc4+ Kh7 49. Qh4+ Kg8 50. Qc4+ 1/2-1/2

[Event "Banja Luka"]
[Site "Banja Luka"]
[Date "1979.04.24"]
[Round "14"]
[White "Bukic, Enver"]
[Black "Hernandez Onna, Roman"]
[Result "1/2-1/2"]
[WhiteElo "2495"]
[BlackElo "2500"]
[PlyCount "20"]
[EventDate "1979.04.11"]
[EventType "tourn"]
[EventRounds "15"]
[EventCountry "YUG"]
[EventCategory "10"]
[SourceTitle "EXT 1999"]
[Source "ChessBase"]
[SourceDate "1998.11.16"]

1. d4 Nf6 2. c4 e6 3. Nf3 Bb4+ 4. Bd2 Qe7 5. g3 O-O 6. Bg2 Bxd2+ 7. Nbxd2 d6 8.
O-O e5 9. e4 Bg4 10. d5 a5 1/2-1/2

[Event "Banja Luka"]
[Site "Banja Luka"]
[Date "1979.04.25"]
[Round "15"]
[White "Hernandez Onna, Roman"]
[Black "Marovic, Drazen"]
[Result "1/2-1/2"]
[WhiteElo "2500"]
[BlackElo "2470"]
[PlyCount "22"]
[EventDate "1979.04.11"]
[EventType "tourn"]
[EventRounds "15"]
[EventCountry "YUG"]
[EventCategory "10"]
[SourceTitle "EXT 1999"]
[Source "ChessBase"]
[SourceDate "1998.11.16"]

1. c4 c5 2. Nf3 Nf6 3. g3 g6 4. Bg2 Bg7 5. O-O O-O 6. Nc3 Nc6 7. d4 d6 8. dxc5
dxc5 9. Bf4 Nd4 10. Be5 Nc6 11. Bf4 Nd4 1/2-1/2

[Event "IBM-B"]
[Site "Amsterdam"]
[Date "1979.??.??"]
[Round "1"]
[White "Enklaar, Bert F"]
[Black "Hernandez Onna, Roman"]
[Result "0-1"]
[WhiteElo "2400"]
[BlackElo "2500"]
[PlyCount "98"]
[EventDate "1979.07.??"]
[EventType "tourn"]
[EventRounds "13"]
[EventCountry "NED"]
[EventCategory "8"]
[SourceTitle "MCD"]
[Source "ChessBase"]
[SourceDate "1999.07.01"]

1. e4 c5 2. Nc3 Nc6 3. g3 g6 4. Bg2 Bg7 5. d3 d6 6. Be3 Rb8 7. Nge2 b5 8. a3 a5
9. d4 b4 10. axb4 axb4 11. Na4 cxd4 12. Nxd4 Bd7 13. O-O Nh6 14. h3 Nxd4 15.
Bxd4 O-O 16. Qd2 Bxd4 17. Qxd4 f6 18. Rfd1 Nf7 19. Nc5 e5 20. Qe3 Bc8 21. Na6
Bxa6 22. Rxa6 Qc7 23. Qb3 Kg7 24. Bf1 Rfc8 25. Rd2 Qc5 26. h4 Rc7 27. Bh3 Rbb7
28. Be6 Ra7 29. Ra4 Nd8 30. Bh3 Nc6 31. Rxa7 Rxa7 32. Rd5 Nd4 33. Rxc5 Nxb3 34.
Rc4 Nd4 35. Rxb4 Nxc2 36. Rb6 Ra1+ 37. Bf1 Rb1 38. Kg2 Ne1+ 39. Kh3 h5 40. Be2
Rc1 41. b4 Rc2 42. Bb5 Rxf2 43. Rxd6 Nc2 44. Rd7+ Kh6 45. Bc4 Ne3 46. Bg8 g5
47. hxg5+ fxg5 48. Rd6+ Kg7 49. Ra6 Ng4 0-1

[Event "IBM-B"]
[Site "Amsterdam"]
[Date "1979.??.??"]
[Round "4"]
[White "Hernandez Onna, Roman"]
[Black "Hoelzl, Franz"]
[Result "1-0"]
[WhiteElo "2500"]
[BlackElo "2425"]
[PlyCount "47"]
[EventDate "1979.07.??"]
[EventType "tourn"]
[EventRounds "13"]
[EventCountry "NED"]
[EventCategory "8"]
[SourceTitle "MCD"]
[Source "ChessBase"]
[SourceDate "1999.07.01"]

1. c4 f5 2. d4 g6 3. g3 Bg7 4. Bg2 d6 5. Nc3 e5 6. dxe5 dxe5 7. Qxd8+ Kxd8 8.
Bg5+ Ke8 9. O-O-O Nf6 10. Nf3 Nfd7 11. e4 Kf7 12. Bh3 Nb6 13. c5 fxe4 14. Bxc8
Rxc8 15. Nxe4 N6d7 16. Rd5 h6 17. Be3 Ke6 18. Rhd1 Rd8 19. c6 bxc6 20. Nc5+ Ke7
21. R5d2 Rf8 22. Rxd7+ Nxd7 23. Rxd7+ Kf6 24. Nxe5 1-0

[Event "IBM-B"]
[Site "Amsterdam"]
[Date "1979.??.??"]
[Round "5"]
[White "Dolmatov, Sergey"]
[Black "Hernandez Onna, Roman"]
[Result "1-0"]
[WhiteElo "2495"]
[BlackElo "2500"]
[PlyCount "121"]
[EventDate "1979.07.??"]
[EventType "tourn"]
[EventRounds "13"]
[EventCountry "NED"]
[EventCategory "8"]
[SourceTitle "MCD"]
[Source "ChessBase"]
[SourceDate "1999.07.01"]

1. e4 e5 2. Nf3 Nc6 3. Bc4 Be7 4. Bb3 Nf6 5. d3 O-O 6. O-O d6 7. c3 Na5 8. Bc2
c5 9. Nbd2 b5 10. Re1 Nc6 11. Nf1 h6 12. h3 Re8 13. Ng3 Bf8 14. d4 Qc7 15. d5
Nb8 16. Nh2 g6 17. Ng4 Bxg4 18. hxg4 Nbd7 19. Be3 c4 20. f3 Kg7 21. Qd2 Ng8 22.
g5 hxg5 23. Bxg5 Be7 24. Be3 Bh4 25. Kf2 Nf8 26. Rh1 Bxg3+ 27. Kxg3 f6 28. a4
a6 29. Ra2 Rab8 30. axb5 axb5 31. Ra7 Rb7 32. Ra6 g5 33. Kf2 Ng6 34. g3 Nh6 35.
Bd1 Rh8 36. Kg2 Rbb8 37. Be2 Nf7 38. Ra7 Qc8 39. Rxh8 Qxh8 40. Qc1 Qh7 41. Qh1
Qxh1+ 42. Kxh1 Kf8 43. Kg1 Ne7 44. Kf2 f5 45. Bd2 f4 46. Bf1 Nc8 47. Ra5 Ke7
48. Bh3 Kd8 49. Be6 Nh8 50. Kg2 Ng6 51. Kh3 Nf8 52. Bf5 Nd7 53. Bxd7 Kxd7 54.
Kg4 Kc7 55. Be1 Nb6 56. Rxb5 Na4 57. Rxb8 Kxb8 58. Kxg5 fxg3 59. Bxg3 Nxb2 60.
Kf6 Na4 61. Ke7 1-0

[Event "IBM-B"]
[Site "Amsterdam"]
[Date "1979.??.??"]
[Round "6"]
[White "Hernandez Onna, Roman"]
[Black "Langeweg, Kick"]
[Result "1/2-1/2"]
[WhiteElo "2500"]
[BlackElo "2440"]
[PlyCount "85"]
[EventDate "1979.07.??"]
[EventType "tourn"]
[EventRounds "13"]
[EventCountry "NED"]
[EventCategory "8"]
[SourceTitle "MCD"]
[Source "ChessBase"]
[SourceDate "1999.07.01"]

1. c4 c5 2. Nc3 Nf6 3. Nf3 Nc6 4. g3 d5 5. cxd5 Nxd5 6. Bg2 g6 7. O-O Bg7 8.
Nxd5 Qxd5 9. d3 O-O 10. Be3 Bd7 11. Qd2 Qd6 12. Rfc1 b6 13. Rab1 Rac8 14. a3 a5
15. Bh6 f6 16. Bxg7 Kxg7 17. Rc3 e5 18. Rbc1 Be6 19. b3 Nd4 20. Qb2 b5 21. Nxd4
exd4 22. R3c2 Rfe8 23. Re1 Bf7 24. Rd2 Re5 25. Rb1 h5 26. Qc1 Rce8 27. Bf3 Bd5
28. Bxd5 Qxd5 29. Rbb2 h4 30. Qf1 Qd7 31. Qg2 R8e7 32. Rdc2 Qf5 33. Qc6 g5 34.
Qxb5 h3 35. f3 Qe6 36. Qc4 Rd5 37. b4 Qe3+ 38. Kf1 Rf5 39. Rb1 axb4 40. axb4
cxb4 41. Qxb4 g4 42. f4 Rd5 43. Qc4 1/2-1/2

[Event "IBM-B"]
[Site "Amsterdam"]
[Date "1979.??.??"]
[Round "8"]
[White "Hernandez Onna, Roman"]
[Black "Van Wijgerden, Cor"]
[Result "1-0"]
[WhiteElo "2500"]
[BlackElo "2445"]
[PlyCount "79"]
[EventDate "1979.07.??"]
[EventType "tourn"]
[EventRounds "13"]
[EventCountry "NED"]
[EventCategory "8"]
[SourceTitle "MCD"]
[Source "ChessBase"]
[SourceDate "1999.07.01"]

1. c4 e5 2. Nc3 Nf6 3. Nf3 Nc6 4. g3 d5 5. cxd5 Nxd5 6. Bg2 Nb6 7. d3 Be7 8.
Be3 O-O 9. O-O f5 10. b4 Bf6 11. Bc5 Re8 12. Rc1 Be6 13. b5 Nd4 14. e4 f4 15.
gxf4 exf4 16. Bxd4 Bxd4 17. Ne2 Bf6 18. Nxf4 Bxa2 19. Qc2 Bf7 20. Qxc7 g5 21.
Ne2 Qxd3 22. Ng3 Re7 23. Qc5 Nd7 24. Qb4 Ne5 25. Nd4 Rd7 26. Ngf5 Rad8 27. Rfd1
Kh8 28. Qa4 Qb3 29. Nxb3 Rxd1+ 30. Rxd1 Rxd1+ 31. Bf1 Nf3+ 32. Kg2 Bh5 33. Qb4
Rd8 34. Be2 g4 35. Nc5 Ng5 36. Nxb7 Rg8 37. Nbd6 Nh3 38. Bc4 Nf4+ 39. Kf1 Rd8
40. Bf7 1-0